00570nam a2200205Ia 450000500170000000800410001702000150005808200130007310000180008624500240010426000410012830000140016965000100018365000200019365000080021365000270022194200060024895200950025499900150034920240906013835.0240331s9999 xx 000 0 und d a8173200246 bBhaa700 aBhadoura, G.S 0aWomen in Indian Art aNew DelhibAgam Kala Prakashanc1995 a155 p .,  aWomen aSocio-religious aSex aancient Indian Culture cL 001040708LaWERCLbWERCLcSSCd2024-03-31l0o 700 Bhap5024r2024-03-31w2024-03-31yL c3048d3048